000 00492nmm a2200169Ia 4500
008 251105s9999||||xx |||||||||||||||||und||
020 _a9789580614630
041 _aspa
100 _aRestrepo, Germán Eugenio
245 0 _aDiatriba de un angel caido
264 _a[Bogotá, Colombia] :
_bOveja Negra,
_c2022
300 _a261 páginas
490 _aObras de referencia
650 _aScience fiction & Fantasy
856 _uhttps://public.digitaliapublishing.com/a/113529
942 _cCF
999 _c95085
_d95085